MARC

LEADER 00000cam a2200000Mu 4500
001 EBOOKCENTRAL_on1237400047
003 OCoLC
005 20240329122006.0
006 m o d
007 cr |||||||||||
008 210213s1998 sp o ||| 0 spa d
040 |a EBLCP  |b eng  |c EBLCP  |d OCLCE  |d OCLCF  |d OCLCO  |d K6U  |d OCLCQ  |d OCLCO  |d OCLCL 
019 |a 607190784  |a 1263873567  |a 1264469223  |a 1265461033  |a 1266905209  |a 1267762359 
020 |a 9783964563811 
020 |a 3964563811 
020 |z 8488906803  |q (pbk. ;  |q Iberoamericana) 
020 |z 9788488906809  |q (pbk. ;  |q Iberoamericana) 
020 |z 3893543589  |q (pbk. ;  |q Vervuert) 
020 |z 9783893543588  |q (pbk. ;  |q Vervuert) 
029 1 |a AU@  |b 000069391519 
035 |a (OCoLC)1237400047  |z (OCoLC)607190784  |z (OCoLC)1263873567  |z (OCoLC)1264469223  |z (OCoLC)1265461033  |z (OCoLC)1266905209  |z (OCoLC)1267762359 
042 |a dlr 
043 |a cl----- 
045 |a x7x9 
050 4 |a PN2309  |b .A34 1998 
072 7 |a PQ  |2 lcco 
082 0 4 |a 792.098  |2 23 
084 |a 18.33  |2 bcl 
084 |a 24.11  |2 bcl 
049 |a UAMI 
100 1 |a Toro, Alfonso de. 
245 1 0 |a Acercamientos Al Teatro Actual (1970-1995)  |h [electronic resource] :  |b Historia - Teoría - Práctica. 
260 |a Madrid :  |b Iberoamericana Editorial Vervuert,  |c 1998. 
300 |a 1 online resource (256 p.). 
336 |a text  |b txt  |2 rdacontent 
337 |a computer  |b c  |2 rdamedia 
338 |a online resource  |b cr  |2 rdacarrier 
490 1 |a Teoría y Práctica Del Teatro Ser. ;  |v v.8 
500 |a Description based upon print version of record. 
504 |a Includes bibliographical references. 
506 |3 Use copy  |f Restrictions unspecified  |2 star  |5 MiAaHDL 
533 |a Electronic reproduction.  |b [Place of publication not identified] :  |c HathiTrust Digital Library,  |d 2010.  |5 MiAaHDL 
538 |a Master and use copy. Digital master created according to Benchmark for Faithful Digital Reproductions of Monographs and Serials, Version 1. Digital Library Federation, December 2002.  |u http://purl.oclc.org/DLF/benchrepro0212  |5 MiAaHDL 
583 1 |a digitized  |c 2010  |h HathiTrust Digital Library  |l committed to preserve  |2 pda  |5 MiAaHDL 
590 |a ProQuest Ebook Central  |b Ebook Central Academic Complete 
650 0 |a Theater  |z Latin America  |x History  |y 20th century. 
650 0 |a Theater  |x History  |y 20th century. 
650 0 |a Spanish American drama  |y 20th century  |x History and criticism. 
650 0 |a Drama  |y 20th century  |x History and criticism. 
650 6 |a Théâtre  |z Amérique latine  |x Histoire  |y 20e siècle. 
650 6 |a Théâtre  |x Histoire  |y 20e siècle. 
650 6 |a Théâtre hispano-américain  |y 20e siècle  |x Histoire et critique. 
650 7 |a Teatro (Género literario)  |y S.XX  |x Historia y crítica  |2 embne 
650 7 |a Drama  |2 fast 
650 7 |a Spanish American drama  |2 fast 
650 7 |a Theater  |2 fast 
651 7 |a Latin America  |2 fast 
650 1 7 |a Spaans.  |2 gtt 
650 1 7 |a Toneel.  |2 gtt 
650 7 |a TEATRO  |x HISTORIA  |y SIGLO 20.  |2 renib 
650 7 |a DRAMA  |x HISTORIA Y CRITICA.  |2 renib 
648 7 |a 1900-1999  |2 fast 
653 |a Teatro latinoamericano  |a Crítica e interpretación. 
655 7 |a Criticism, interpretation, etc.  |2 fast 
655 7 |a History  |2 fast 
700 1 |a Toro, Fernando de. 
758 |i has work:  |a Acercamientos al teatro actual (1970-1995) (Text)  |1 https://id.oclc.org/worldcat/entity/E39PCG98dpHvKdMTBCKrHMGgVd  |4 https://id.oclc.org/worldcat/ontology/hasWork 
776 0 8 |i Print version:  |a Toro, Alfonso de  |t Acercamientos Al Teatro Actual (1970-1995)  |d Madrid : Iberoamericana Editorial Vervuert,c1998  |z 9788488906809 
830 0 |a Teoría y Práctica Del Teatro Ser. 
856 4 0 |u https://ebookcentral.uam.elogim.com/lib/uam-ebooks/detail.action?docID=6469289  |z Texto completo 
938 |a ProQuest Ebook Central  |b EBLB  |n EBL6469289 
994 |a 92  |b IZTAP